al-Atrāk wa-qaḍīyat Filasṭīn ʻabra al-tārīkh ilá yawminā hādhā (1880-1980)

محفوظ في:

المؤلف الرئيسي: Mīm Kamāl Ūkah, Kemal Öke.

التنسيق: كتاب

اللغة: Undetermined

منشور في: Turkīyah : al-Markaz al-ʻĀmm lil-Jamʻīyah al-Thaqāfīyah al-Qubruṣīyah al-Turkīyah, Anqara, 1986.

الموضوعات:

الوسوم: إضافة وسم

لا توجد وسوم, كن أول من يضع وسما على هذه التسجيلة!

رقم الطلب: (P)DR479 .P19 U323

LEADER 00645nam a2200169Ia 4500
008 240329s9999||||xx |||||||||||||| ||und||
050 4 |a (P)DR479 .P19 U323 
100 1 |a Mīm Kamāl Ūkah, Kemal Öke. 
245 1 0 |a al-Atrāk wa-qaḍīyat Filasṭīn ʻabra al-tārīkh ilá yawminā hādhā (1880-1980)  |c Mīm Kamāl Ūkah, Kemal Öke 
264 1 |a Turkīyah :  |b al-Markaz al-ʻĀmm lil-Jamʻīyah al-Thaqāfīyah al-Qubruṣīyah al-Turkīyah, Anqara,  |c 1986. 
300 |a 48  |c 18 cm 
650 |a  Auslandsbeziehungen 
650 |a Außenpolitik 
650 |a Diplomatic relations 
650 |a Internationale Politik 
942 |2 lcc  |c BK 
999 |c 57676  |d 57676